The talent equation : (Record no. 356317)
[ view plain ]
| 000 -LEADER | |
|---|---|
| fixed length control field | 00363nam a2200109Ia 4500 |
| 008 - FIXED-LENGTH DATA ELEMENTS--GENERAL INFORMATION | |
| fixed length control field | 180315s9999 xx 000 0 und d |
| 020 ## - INTERNATIONAL STANDARD BOOK NUMBER | |
| International Standard Book Number | 9780071827126 |
| 100 ## - MAIN ENTRY--PERSONAL NAME | |
| Personal name | Ferguson, Matt |
| 245 #4 - TITLE STATEMENT | |
| Title | The talent equation : |
| Remainder of title | Big data lessons for navigating the skills gap and building a competitive workforce |
| 260 ## - PUBLICATION, DISTRIBUTION, ETC. (IMPRINT) | |
| Place of publication, distribution, etc | USA : |
| Name of publisher, distributor, etc | 2014 |
| Date of publication, distribution, etc | mcGrawHill |
| 300 ## - PHYSICAL DESCRIPTION | |
| Extent | v, 225 pages |
| Withdrawn status | Lost status | Damaged status | Home library | Current library | Shelving location | Date acquired | Source of acquisition | Total Checkouts | Total Renewals | Full call number | Barcode | Date last seen | Date checked out | Price effective from | Koha item type |
|---|---|---|---|---|---|---|---|---|---|---|---|---|---|---|---|
| College Library | College Library | Graduate Section | 03/15/2018 | Library Fund | 2 | 2 | HF 5549.5.M3 .F46 2014 | C21421 | 06/15/2022 | 04/02/2018 | 03/15/2018 | Books |